000 00969nam a22002533a 4500
005 20250307063818.0
008 010924m19851996es r 000 0 spa d
020 _a8475091768
035 _aUPN01000111959
049 _aCG
050 4 _aBF721
_bI5.38
100 1 _aInhelder, Bärbel,
_d1913-1997
_928563
245 1 0 _aDe la lógica del niño a la lógica del adolescente :
_bensayo sobre la construcción de las estructuras operatorias formales /
_cBarbel Inhelder, Jean Piaget ; tr. de María Teresa Cevasco.
260 _aBarcelona, Esp. :
_bPaidós,
_c1985 (1996 impr.).
300 _a294 p.
440 0 _aPsicología, psiquiatría y psicoterapia ;
_v155
440 0 _aPaidos psicología evolutiva ;
_v9
534 _pTraducción de:
_tDe la logique del'enfant á la logique de l'adolescent
650 4 _aLógica
_96206
650 4 _aPensamiento
_95399
650 4 _aNiños
_xCrecimiento
_915181
700 1 _aPiaget, Jean,
_d1896-1980
_ecoaut.
905 _aLibro
999 _c85867
_d85867